000 00387nam a2200145Ia 4500
999 _c10532
_d10532
003 OSt
005 20220329135424.0
008 220318s9999 xx 000 0 und d
020 _a9788460992127
082 _a717
100 _aTardiveau, Armelle; Tardiveau, Armelle
245 0 _a Moulding, assembling, designing : ceramics in architecture
260 _aCumella I Vendre
942 _2ddc